Statistiken für Kerpen Stadtteile-Quiz

Klicken Sie hier um das Quiz zu spielen!

Allgemein

  • Dieses Quiz wurde 18 mal gespielt
  • Das Durchschnittsergebnis liegt bei 8 aus 12

Antwortstatistiken

Antwort% Korrekt
Horrem
88%
Sindorf
81%
Türnich
81%
Brüggen
75%
Balkhausen
69%
Manheim
69%
Manheim-neu
69%
Blatzheim
63%
Buir
63%
Kerpen
63%
Mödrath
63%
Neu-Bottenbroich
56%

Verteilung der Resultate

Perzentil nach korrekt beantworteten Fragen

Anzahl Personen mit jedem Resultat

Ihre Resultats-Entwicklung

Sie haben dieses Quiz noch nicht gespielt